| 000 | 00585nam a22001577a 4500 | ||
|---|---|---|---|
| 003 | NUST | ||
| 082 | _a200 | ||
| 100 |
_aZeeshan Hafiz Muhammad Ali _9126248 |
||
| 245 |
_aPerformance analysis of CR-NOMA enabled Backscatter communications using Deep Reinforcement Learning/ _cHafiz Muhammad Ali Zeeshan _hEnglish |
||
| 264 |
_aIslamabad _bSEECS NUST; _c2023 |
||
| 300 |
_aill: _bHard Cover, _c30,cm |
||
| 690 |
_zMS-Electrical Engineering _923567 |
||
| 700 |
_aSupervisor: Dr. Syed Ali Hassan _996705 |
||
| 856 | _u http://10.250.8.41:8080/xmlui/handle/123456789/38032 | ||
| 942 |
_2ddc _cSC |
||
| 999 |
_c607413 _d607413 |
||